[Event "Youth Classic 2016 - Juniors Open U18"]
[Site "Hasselgrundhalle - Bad Soden a"]
[Date "2016.10.03"]
[Round "1.1"]
[White "Everett, Elijah"]
[Black "Schwarz, Matthias"]
[Result "1-0"]
[WhiteElo "2053"]
[BlackElo "1609"]
[PlyCount "61"]
[EventDate "2016.??.??"]
[WhiteTeam "SF SchÃ¶neck"]
[BlackTeam "SG Idstein"]

1. e4 e5 2. Nf3 Nc6 3. Bb5 Nge7 4. O-O a6 5. Ba4 g6 6. c3 d6 7. d4 exd4 8. cxd4
b5 9. Bb3 Bg7 10. Nc3 O-O 11. h3 Na5 12. Bc2 c5 13. Re1 Nac6 14. Be3 c4 15. d5
Ne5 16. Nd4 b4 17. Na4 Bd7 18. f4 Bxa4 19. Bxa4 Nd3 20. Re2 Bxd4 21. Bxd4 Nxf4
22. Rf2 Nd3 23. Rc2 Rc8 24. b3 Nc5 25. Rxc4 Nxa4 26. Rxc8 Qxc8 27. bxa4 Qc4 28.
Rc1 Qxa2 29. Bf6 Nc8 30. Rc2 Qxa4 31. Qc1 1-0

[Event "Youth Classic 2016 - Juniors Open U18"]
[Site "Hasselgrundhalle - Bad Soden a"]
[Date "2016.10.03"]
[Round "1.2"]
[White "Rittberger, Ruben"]
[Black "Neukirchner, Pascal"]
[Result "0-1"]
[WhiteElo "1522"]
[BlackElo "2082"]
[PlyCount "52"]
[EventDate "2016.??.??"]
[WhiteTeam "SC Bad Soden"]
[BlackTeam "SK GrÃ¼ndau"]

1. e4 c5 2. Nf3 g6 3. d4 cxd4 4. Nxd4 Bg7 5. Nc3 Nc6 6. Nxc6 bxc6 7. Bd2 Rb8 8.
Rb1 Nh6 9. Bc4 d6 10. O-O O-O 11. h3 Kh8 12. Qe2 f5 13. exf5 Nxf5 14. Qd3 Nd4
15. Be3 Bf5 16. Qd2 Nxc2 17. Bd3 Nxe3 18. Qxe3 Qd7 19. Bxf5 Rxf5 20. Rfe1 Re5
21. Qd2 Qf5 22. b3 Rf8 23. Rbd1 Kg8 24. f3 Rxe1+ 25. Rxe1 Qc5+ 26. Qe3 Bd4 0-1

[Event "Youth Classic 2016 - Juniors Open U18"]
[Site "Hasselgrundhalle - Bad Soden a"]
[Date "2016.10.03"]
[Round "1.3"]
[White "Stobbe, Frederik"]
[Black "Jakesevic, Ivan"]
[Result "1-0"]
[WhiteElo "1682"]
[BlackElo "1633"]
[PlyCount "27"]
[EventDate "2016.??.??"]
[WhiteTeam "SC Bad Soden"]
[BlackTeam "FC Bierstadt"]

1. e4 c5 2. Nf3 Nf6 3. e5 Nd5 4. d4 e6 5. Be2 Nc6 6. c4 Nde7 7. d5 exd5 8. cxd5
Nb4 9. Nc3 d6 10. a3 Na6 11. O-O Nc7 12. Re1 g6 13. Bg5 dxe5 14. d6 1-0

[Event "Youth Classic 2016 - Juniors Open U18"]
[Site "Hasselgrundhalle - Bad Soden a"]
[Date "2016.10.03"]
[Round "1.4"]
[White "Dolaberidze, Nico"]
[Black "Lange, Lars"]
[Result "1/2-1/2"]
[WhiteElo "1454"]
[BlackElo "1731"]
[PlyCount "73"]
[EventDate "2016.??.??"]
[WhiteTeam "SV Neu-Isenburg"]
[BlackTeam "Sfr. Kelkheim"]

1. e4 c5 2. Nf3 d6 3. d4 cxd4 4. Nxd4 Nf6 5. Nc3 a6 6. Be2 e5 7. Nf3 Be7 8. O-O
h6 9. Be3 Be6 10. a3 O-O 11. Qd2 Ng4 12. h3 Nxe3 13. Qxe3 Nd7 14. Rad1 Rc8 15.
Bd3 Nb6 16. Ne2 Qc7 17. Ng3 Rfd8 18. Rfe1 Na4 19. Qc1 b5 20. c3 Nc5 21. Bc2 a5
22. Qd2 a4 23. Nh2 Bg5 24. Qe2 Bc4 25. Qf3 Bf4 26. Nf5 d5 27. exd5 Bxd5 28.
Rxd5 e4 29. Rxd8+ Rxd8 30. Bxe4 Bxh2+ 31. Kh1 Nxe4 32. Qxe4 Bd6 33. Qg4 g6 34.
Nd4 Qc4 35. Qh4 Bc7 36. Qf6 Qd5 37. Kg1 1/2-1/2

[Event "Youth Classic 2016 - Juniors Open U18"]
[Site "Hasselgrundhalle - Bad Soden a"]
[Date "2016.10.03"]
[Round "1.5"]
[White "Deppe, Leo Max"]
[Black "Scheithauer, Dominik"]
[Result "1-0"]
[WhiteElo "1762"]
[BlackElo "1153"]
[PlyCount "91"]
[EventDate "2016.??.??"]
[WhiteTeam "SC Bad Soden"]
[BlackTeam "Sfr. Kelkheim"]

1. d4 f5 2. c4 Nf6 3. Nc3 g6 4. Nf3 Bg7 5. Bf4 d6 6. e3 O-O 7. Bd3 Nbd7 8. Ng5
Nb6 9. Qb3 c6 10. c5+ Nbd5 11. cxd6 exd6 12. Bc4 h6 13. Nxd5 hxg5 14. Nxf6+ Kh8
15. Bxg5 Bxf6 16. h4 d5 17. Bd3 Qa5+ 18. Kf1 Kg7 19. Qd1 Rh8 20. Bxf6+ Kxf6 21.
h5 Be6 22. a3 Rh6 23. b4 Qc7 24. Qf3 g5 25. g4 Qh7 26. e4 dxe4 27. Bxe4 Qd7 28.
Rd1 Rd8 29. Kg2 Rh7 30. gxf5 Bd5 31. Rhe1 Re8 32. Bxd5 Rxe1 33. Rxe1 Qxd5 34.
Re6+ Kf7 35. Qxd5 cxd5 36. h6 Rh8 37. Rg6 Rg8 38. Rxg8 Kxg8 39. f6 a6 40. Kg3
b6 41. Kg4 a5 42. bxa5 bxa5 43. Kxg5 a4 44. Kg6 Kh8 45. Kf7 Kh7 46. Ke7 1-0

[Event "Youth Classic 2016 - Juniors Open U18"]
[Site "Hasselgrundhalle - Bad Soden a"]
[Date "2016.10.03"]
[Round "1.6"]
[White "MÃ¼ller, Melissa-ZoÃ©"]
[Black "Diener, Carolin Valeria"]
[Result "0-1"]
[WhiteElo "753"]
[BlackElo "1692"]
[PlyCount "58"]
[EventDate "2016.??.??"]
[WhiteTeam "SC Landskrone"]
[BlackTeam "SK Bad Homburg"]

1. e4 e5 2. Nf3 Nc6 3. Bc4 Bc5 4. Nc3 Nf6 5. d3 a6 6. a4 h6 7. Be3 d6 8. h3 O-O
9. O-O Re8 10. d4 exd4 11. Bxd4 Nxd4 12. Nxd4 Nxe4 13. Nxe4 Rxe4 14. c3 Bxd4
15. cxd4 Qf6 16. Bd5 Rxd4 17. Qb3 Rb8 18. Bc4 b6 19. Bd3 Bb7 20. Rae1 Qg5 21.
f3 Rh4 22. Rf2 Rxh3 23. f4 Qg3 24. Kf1 Rh1+ 25. Ke2 Re8+ 26. Kd2 Qxf2+ 27. Kc3
Rhxe1 28. g3 Rc1+ 29. Kb4 Qc5# 0-1

[Event "Youth Classic 2016 - Juniors Open U18"]
[Site "Hasselgrundhalle - Bad Soden a"]
[Date "2016.10.03"]
[Round "2.1"]
[White "Deppe, Leo Max"]
[Black "Everett, Elijah"]
[Result "0-1"]
[WhiteElo "1762"]
[BlackElo "2053"]
[PlyCount "100"]
[EventDate "2016.??.??"]
[WhiteTeam "SC Bad Soden"]
[BlackTeam "SF SchÃ¶neck"]

1. d4 Nf6 2. c4 g6 3. Nc3 Bg7 4. e4 d6 5. Bd3 O-O 6. Nge2 e5 7. d5 a5 8. f3 Na6
9. Be3 Nd7 10. Qd2 Ndc5 11. Bb1 f5 12. exf5 Bxf5 13. Bg5 Qd7 14. O-O Rf7 15.
Ng3 Bxb1 16. Raxb1 Nb4 17. a3 Nba6 18. b4 axb4 19. axb4 Na4 20. Nxa4 Qxa4 21.
Ra1 Qe8 22. Ra5 e4 23. Nxe4 b6 24. Ra3 Rf8 25. Re1 Qf7 26. c5 bxc5 27. bxc5
Nxc5 28. Rxa8 Rxa8 29. Nxc5 dxc5 30. Re7 Bd4+ 31. Kf1 Qxd5 32. Re1 Qc4+ 33. Qe2
Qxe2+ 34. Rxe2 Ra1+ 35. Re1 Kf7 36. Rxa1 Bxa1 37. Ke2 Ke6 38. Kd3 Kd5 39. Bc1
Be5 40. h3 c4+ 41. Ke3 Bg7 42. Ba3 Kc6 43. Kd2 Be5 44. Bb4 Kd5 45. Bc3 Bxc3+
46. Kxc3 h5 47. h4 Kc5 48. g3 Kd5 49. g4 Ke5 50. Kxc4 Kf4 0-1

[Event "Youth Classic 2016 - Juniors Open U18"]
[Site "Hasselgrundhalle - Bad Soden a"]
[Date "2016.10.03"]
[Round "2.2"]
[White "Neukirchner, Pascal"]
[Black "Pyshny, Anton"]
[Result "1-0"]
[WhiteElo "2082"]
[BlackElo "1530"]
[PlyCount "77"]
[EventDate "2016.??.??"]
[WhiteTeam "SK GrÃ¼ndau"]
[BlackTeam "SC Eschborn"]

1. e4 e5 2. d4 exd4 3. c3 dxc3 4. Bc4 Bc5 5. Bxf7+ Kxf7 6. Qd5+ Ke8 7. Qxc5 Nc6
8. Nxc3 d6 9. Qh5+ g6 10. Qg5 Qxg5 11. Bxg5 Be6 12. Nf3 Nge7 13. O-O-O Kf7 14.
Rhe1 Bg4 15. Rd3 h6 16. Bxe7 Nxe7 17. e5 Bxf3 18. Rxf3+ Ke8 19. exd6 cxd6 20.
Nd5 Rc8+ 21. Kd2 Kd8 22. Nxe7 Rc7 23. Nxg6 Rg8 24. Re6 Rd7 25. Nf8 Re7 26.
Rxd6+ Ke8 27. Ne6 Rd7 28. Rxd7 Kxd7 29. Nf4 Kc8 30. Kc3 Kb8 31. Kd4 Rd8+ 32.
Nd5 b6 33. Rf7 Rg8 34. Ke5 Rxg2 35. Kd6 Rg8 36. Kc6 Rg6+ 37. Nf6 a5 38. Kxb6
Kc8 39. Rf8# 1-0

[Event "Youth Classic 2016 - Juniors Open U18"]
[Site "Hasselgrundhalle - Bad Soden a"]
[Date "2016.10.03"]
[Round "2.3"]
[White "Diener, Carolin Valeria"]
[Black "Stobbe, Frederik"]
[Result "0-1"]
[WhiteElo "1692"]
[BlackElo "1682"]
[PlyCount "144"]
[EventDate "2016.??.??"]
[WhiteTeam "SK Bad Homburg"]
[BlackTeam "SC Bad Soden"]

1. e4 c5 2. Nf3 e6 3. d4 cxd4 4. Nxd4 Nf6 5. Nc3 Nc6 6. Be3 Bb4 7. f3 d5 8.
exd5 Nxd5 9. Nxc6 bxc6 10. Bd2 O-O 11. Nxd5 Bxd2+ 12. Qxd2 exd5 13. O-O-O a5
14. Bd3 Ba6 15. Qc3 Bxd3 16. Rxd3 Qg5+ 17. Qd2 Qf6 18. Qc3 Qg5+ 19. Qd2 Qg6 20.
Rd4 h5 21. Rg1 Rfe8 22. g4 Re6 23. Re1 Rxe1+ 24. Qxe1 Qf6 25. Qe3 hxg4 26. fxg4
Qf1+ 27. Rd1 Qc4 28. Rd4 Qxa2 29. Qa3 Qxa3 30. bxa3 Re8 31. Kd2 g6 32. h3 Re4
33. Rd3 Kf8 34. Rb3 Ke7 35. Rg3 g5 36. Rf3 Ke6 37. Rc3 Kd6 38. Rf3 Re7 39. Rf5
Re5 40. Rxf7 Kc5 41. Rf3 d4 42. Rd3 Kd5 43. Rf3 c5 44. Rb3 Ke4 45. Rg3 Kf4 46.
Rg1 Re3 47. Rf1+ Rf3 48. Rh1 Rxa3 49. h4 gxh4 50. Rxh4 Rc3 51. Rh8 a4 52. Rg8
Rg3 53. g5 Rxg5 54. Ra8 Ke4 55. Rxa4 Rg2+ 56. Kc1 Kd5 57. Kb1 Kc6 58. Ra8 Kb5
59. Rd8 Kc4 60. Kb2 Rg7 61. Rb8 Ra7 62. Rb3 Ra4 63. Rd3 Rb4+ 64. Kc1 Kd5 65.
Kd2 Ke4 66. Rh3 Rb6 67. Rh4+ Kf3 68. Kd3 Re6 69. Rh5 Re3+ 70. Kd2 c4 71. Rh3+
Kf2 72. Rh4 c3+ 0-1

[Event "Youth Classic 2016 - Juniors Open U18"]
[Site "Hasselgrundhalle - Bad Soden a"]
[Date "2016.10.03"]
[Round "2.4"]
[White "Lange, Lars"]
[Black "Schwarz, Matthias"]
[Result "1/2-1/2"]
[WhiteElo "1731"]
[BlackElo "1609"]
[PlyCount "152"]
[EventDate "2016.??.??"]
[WhiteTeam "Sfr. Kelkheim"]
[BlackTeam "SG Idstein"]

1. d4 Nf6 2. c4 e6 3. Nf3 b6 4. a3 Bb7 5. e3 Be7 6. Nc3 O-O 7. Be2 d5 8. cxd5
Nxd5 9. Nxd5 Bxd5 10. O-O Nd7 11. Bd2 c5 12. Rc1 Bf6 13. Bc3 Re8 14. Bb5 cxd4
15. Bxd4 Bxd4 16. Nxd4 Rf8 17. Bc6 Bxc6 18. Nxc6 Qe8 19. Qd6 Nc5 20. Rfd1 a6
21. b4 Ne4 22. Ne7+ Kh8 23. Qd7 Nf6 24. Qxe8 Rfxe8 25. Rc7 Rad8 26. Rxd8 Rxd8
27. Kf1 Nd5 28. Nxd5 exd5 29. Rxf7 Kg8 30. Ra7 a5 31. bxa5 bxa5 32. Rxa5 d4 33.
exd4 Rxd4 34. Ra7 Rd2 35. g3 h6 36. Kg2 Rd3 37. h4 Kh7 38. g4 Rc3 39. f3 Rc4
40. Kg3 Rd4 41. a4 Rc4 42. a5 Ra4 43. h5 Rc4 44. a6 Ra4 45. Ra8 Ra5 46. a7 Ra4
47. Kh4 Ra5 48. Kg3 Ra4 49. f4 Ra3+ 50. Kf2 Ra4 51. Ke3 Ra3+ 52. Kd4 Ra5 53.
Ke4 Ra4+ 54. Kd5 Ra6 55. Ke5 Ra1 56. Kf5 Ra6 57. g5 hxg5 58. fxg5 g6+ $3 59.
hxg6+ Kg7 60. Ke5 Ra1 61. Kd4 Ra6 62. Kc5 Ra1 63. Kb5 Rb1+ 64. Kc4 Ra1 65. Kd4
Ra6 66. Ke4 Ra5 67. Kf4 Ra1 68. Kg3 Ra3+ 69. Kg4 Ra5 70. Kh5 Ra1 71. Rd8 Rxa7
72. Rd6 Ra1 73. Rd7+ Kg8 74. g7 Ra6 75. g6 Ra5+ 76. Kh6 Rh5+ 1/2-1/2

[Event "Youth Classic 2016 - Juniors Open U18"]
[Site "Hasselgrundhalle - Bad Soden a"]
[Date "2016.10.03"]
[Round "2.5"]
[White "Jakesevic, Ivan"]
[Black "Dolaberidze, Nico"]
[Result "0-1"]
[WhiteElo "1633"]
[BlackElo "1454"]
[PlyCount "46"]
[EventDate "2016.??.??"]
[WhiteTeam "FC Bierstadt"]
[BlackTeam "SV Neu-Isenburg"]

1. c4 e5 2. Nc3 Nf6 3. Nf3 Nc6 4. e3 Bb4 5. d4 e4 6. Nd2 d6 7. Be2 O-O 8. a3
Bxc3 9. bxc3 Bf5 10. O-O Re8 11. Bb2 b6 12. Nb3 Ne7 13. d5 Ng6 14. Nd4 Bd7 15.
Qd2 Ng4 16. Rae1 Re7 17. Bxg4 Bxg4 18. Nc6 Qd7 19. Nxe7+ Qxe7 20. h3 Bf3 21.
gxf3 exf3 22. Qd4 Ne5 23. Rd1 Qg5+ 0-1

[Event "Youth Classic 2016 - Juniors Open U18"]
[Site "Hasselgrundhalle - Bad Soden a"]
[Date "2016.10.03"]
[Round "2.7"]
[White "Scheithauer, Dominik"]
[Black "MÃ¼ller, Melissa-ZoÃ©"]
[Result "1-0"]
[WhiteElo "1153"]
[BlackElo "753"]
[PlyCount "45"]
[EventDate "2016.??.??"]
[WhiteTeam "Sfr. Kelkheim"]
[BlackTeam "SC Landskrone"]

1. d4 d5 2. c4 c6 3. Nc3 Nf6 4. Bg5 h6 5. Bh4 Nbd7 6. Nf3 Nb6 7. cxd5 cxd5 8.
e3 Bg4 9. Be2 e6 10. Qc2 Bf5 11. e4 dxe4 12. Bxf6 Qxf6 13. Nxe4 Qg6 14. Bb5+
Kd8 15. Bd3 Bb4+ 16. Kf1 Rc8 17. Ne5 Qh5 18. Nc3 Na4 19. Qxa4 Bxd3+ 20. Nxd3
Bd6 21. g3 Qg6 22. Ne5 Qf5 23. Qd7# 1-0

[Event "Youth Classic 2016 - Juniors Open U18"]
[Site "Hasselgrundhalle - Bad Soden a"]
[Date "2016.10.03"]
[Round "3.1"]
[White "Everett, Elijah"]
[Black "Neukirchner, Pascal"]
[Result "0-1"]
[WhiteElo "2053"]
[BlackElo "2082"]
[PlyCount "88"]
[EventDate "2016.??.??"]
[WhiteTeam "SF Schöneck"]
[BlackTeam "SK Gründau"]

1. e4 c5 2. Nf3 g6 3. c4 Bg7 4. d4 cxd4 5. Nxd4 Nc6 6. Be3 Nh6 7. Nc3 O-O 8. f4
Qb6 9. Ncb5 Ng4 10. Bg1 a6 11. Nb3 Qd8 12. N5d4 e5 13. Nxc6 dxc6 14. Qxd8 Rxd8
15. Bb6 Re8 16. fxe5 Bxe5 17. O-O-O Bxh2 18. Be2 Bf4+ 19. Kb1 Be3 20. Bxg4 Bxb6
21. Bxc8 Raxc8 22. c5 Bc7 23. Rhe1 Rcd8 24. Rxd8 Rxd8 25. Kc2 Kg7 26. Rf1 h5
27. Rd1 Rxd1 28. Kxd1 Kf6 29. Ke2 g5 30. Nd2 g4 31. Nc4 h4 32. b4 h3 33. gxh3
gxh3 34. Kf3 h2 35. Kg2 Ke6 36. a4 f5 37. exf5+ Kxf5 38. Kh1 Ke6 39. Ne3 Ke5
40. a5 Kd4 41. Nf5+ Kc4 42. Nd6+ Kxb4 43. Nxb7 Bxa5 44. Kxh2 Bc7+ 0-1

[Event "Youth Classic 2016 - Juniors Open U18"]
[Site "Hasselgrundhalle - Bad Soden a"]
[Date "2016.10.03"]
[Round "3.2"]
[White "Stobbe, Frederik"]
[Black "Dolaberidze, Nico"]
[Result "1-0"]
[WhiteElo "1682"]
[BlackElo "1454"]
[PlyCount "49"]
[EventDate "2016.??.??"]
[WhiteTeam "SC Bad Soden"]
[BlackTeam "SV Neu-Isenburg"]

1. e4 e5 2. Nf3 Nc6 3. Bc4 Bc5 4. c3 Nf6 5. d4 exd4 6. cxd4 Bb4+ 7. Nc3 O-O 8.
Bg5 d6 9. O-O Qe7 10. Nd5 Qd8 11. e5 dxe5 12. dxe5 Be7 13. exf6 Bxf6 14. Nxf6+
gxf6 15. Qxd8 Rxd8 16. Bxf6 Re8 17. Rfe1 Be6 18. Bxe6 Rxe6 19. Rxe6 fxe6 20.
Rd1 Kf7 21. Bc3 Ke7 22. Ne5 Nd8 23. Rd7+ Ke8 24. Bb4 Nc6 25. Rxh7 1-0

[Event "Youth Classic 2016 - Juniors Open U18"]
[Site "Hasselgrundhalle - Bad Soden a"]
[Date "2016.10.03"]
[Round "3.3"]
[White "Pyshny, Anton"]
[Black "Lange, Lars"]
[Result "0-1"]
[WhiteElo "1530"]
[BlackElo "1731"]
[PlyCount "122"]
[EventDate "2016.??.??"]
[WhiteTeam "SC Eschborn"]
[BlackTeam "Sfr. Kelkheim"]

1. e4 c5 2. Nf3 d6 3. Bb5+ Bd7 4. c4 Nc6 5. d3 g6 6. Bd2 Bg7 7. Bc3 Nf6 8. O-O
O-O 9. Re1 e5 10. Nbd2 a6 11. Ba4 Rb8 12. Bc2 b5 13. b3 Ne8 14. Nf1 Nd4 15.
Nxd4 exd4 16. Bd2 Nc7 17. Qc1 Re8 18. Bd1 bxc4 19. bxc4 Ne6 20. Ng3 Qb6 21. Bb3
a5 22. Rb1 Qa7 23. Qa3 a4 24. Bc2 h5 25. Rxb8 Rxb8 26. Rb1 Rxb1+ 27. Bxb1 Qb6
28. Bc2 Kh7 29. Qc1 Nd8 30. Qb1 Qxb1+ 31. Bxb1 Nc6 32. a3 Bh6 33. Bxh6 Kxh6 34.
Kf1 h4 35. Ne2 f5 36. f3 g5 37. Ke1 Ne5 38. Kd2 h3 39. Ng1 fxe4 40. fxe4 hxg2
41. Ke2 Ng4 42. h3 Ne3 43. Kf2 Kh5 44. Kg3 Be8 45. Kh2 g4 46. Kg3 gxh3 47. Kxh3
Bd7+ 48. Kg3 Bg4 49. Kf2 Kh4 50. Ba2 Bh3 51. Bb1 Kg4 52. Ne2 Nd1+ 53. Kg1 Kf3
54. Nc1 Nc3 55. Bc2 Ne2+ 56. Nxe2 Kxe2 57. Bxa4 Kxd3 58. Bd1 Kxc4 59. Bf3 Kb3
60. Bxg2 Bxg2 61. Kxg2 Kxa3 0-1

[Event "Youth Classic 2016 - Juniors Open U18"]
[Site "Hasselgrundhalle - Bad Soden a"]
[Date "2016.10.03"]
[Round "3.4"]
[White "Rittberger, Ruben"]
[Black "Deppe, Leo Max"]
[Result "1-0"]
[WhiteElo "1522"]
[BlackElo "1762"]
[PlyCount "31"]
[EventDate "2016.??.??"]
[WhiteTeam "SC Bad Soden"]
[BlackTeam "SC Bad Soden"]

1. e4 c6 2. d4 d5 3. Nc3 dxe4 4. Nxe4 Bf5 5. Bd3 Qxd4 6. Nf3 Qd8 7. O-O e6 8.
Bf4 Nf6 9. Nxf6+ Qxf6 10. Bxf5 Qxf5 11. Qd2 Bc5 12. Rad1 O-O 13. Rfe1 Qd5 14.
Qc3 Qh5 15. Re5 Qg4 16. Rg5 1-0

[Event "Youth Classic 2016 - Juniors Open U18"]
[Site "Hasselgrundhalle - Bad Soden a"]
[Date "2016.10.03"]
[Round "3.5"]
[White "Scheithauer, Dominik"]
[Black "Diener, Carolin Valeria"]
[Result "0-1"]
[WhiteElo "1153"]
[BlackElo "1692"]
[PlyCount "68"]
[EventDate "2016.??.??"]
[WhiteTeam "Sfr. Kelkheim"]
[BlackTeam "SK Bad Homburg"]

1. d4 d5 2. c4 e6 3. Nc3 Be7 4. cxd5 exd5 5. Nf3 c6 6. e3 Nf6 7. Bd3 O-O 8. O-O
Re8 9. Re1 Nbd7 10. a3 Nf8 11. b4 a6 12. Qc2 Bg4 13. Ne5 Bd6 14. Nxg4 Nxg4 15.
g3 h6 16. Bf5 Nf6 17. Na4 Ne6 18. Nc5 Nxd4 19. exd4 Rxe1+ 20. Kg2 Qe7 21. Ra2
Bxc5 22. dxc5 Ne4 23. Be3 Qe5 24. Bg4 Rd8 25. f4 Qc3 26. Qxc3 Nxc3 27. Rc2 Rxe3
28. Kf2 d4 29. Bf5 Ne4+ 30. Bxe4 Rxe4 31. Rd2 Re3 32. Rxd4 Rxd4 33. Kxe3 Rd1
34. Ke4 Ra1 0-1

[Event "Youth Classic 2016 - Juniors Open U18"]
[Site "Hasselgrundhalle - Bad Soden a"]
[Date "2016.10.03"]
[Round "3.7"]
[White "Müller, Melissa-Zoé"]
[Black "Jakesevic, Ivan"]
[Result "0-1"]
[WhiteElo "753"]
[BlackElo "1633"]
[PlyCount "84"]
[EventDate "2016.??.??"]
[WhiteTeam "SC Landskrone"]
[BlackTeam "FC Bierstadt"]

1. e4 c5 2. c4 Nc6 3. Nc3 Nf6 4. Nf3 e6 5. b3 Be7 6. Ba3 b6 7. Be2 O-O 8. O-O
Bb7 9. e5 Ng4 10. d3 Ngxe5 11. Nxe5 Nxe5 12. b4 cxb4 13. Bxb4 Bxb4 14. Ne4 d5
15. cxd5 Bxd5 16. Ng3 Rc8 17. d4 Nc6 18. a3 Bc3 19. Bb5 Bxa1 20. Qxa1 Nxd4 21.
Qxd4 Bc6 22. Qb4 Bxb5 23. Qxb5 Qd5 24. Qe2 Rfd8 25. h3 Qd3 26. Qe1 Qxa3 27. Nh5
Rd5 28. Nf4 Rdc5 29. Qd2 b5 30. Qd1 Rc1 31. Qe2 Rxf1+ 32. Qxf1 Rc1 33. Ne2
Rxf1+ 34. Kxf1 Qa1+ 35. Nc1 Qxc1+ 36. Ke2 f5 37. g3 e5 38. Kf3 e4+ 39. Kg2 Qd2
40. Kg1 b4 41. Kg2 e3 42. Kf3 Qxf2# 0-1

[Event "Youth Classic 2016 - Juniors Open U18"]
[Site "Hasselgrundhalle - Bad Soden a"]
[Date "2016.10.03"]
[Round "4.1"]
[White "Neukirchner, Pascal"]
[Black "Stobbe, Frederik"]
[Result "1-0"]
[WhiteElo "2082"]
[BlackElo "1682"]
[PlyCount "85"]
[EventDate "2016.??.??"]
[WhiteTeam "SK Gründau"]
[BlackTeam "SC Bad Soden"]

1. b3 Nf6 2. Bb2 e6 3. e3 d5 4. f4 Nbd7 5. Nf3 c5 6. Bb5 a6 7. Bxd7+ Bxd7 8. d3
Bd6 9. O-O O-O 10. Nbd2 Rc8 11. Ne5 Qc7 12. Qe1 Ne8 13. Rf3 f6 14. Nxd7 Qxd7
15. Rh3 e5 16. Qh4 g6 17. fxe5 Bxe5 18. Bxe5 fxe5 19. Nf3 Qg7 20. Ng5 e4 21.
Re1 Rf5 22. g4 Rf6 23. Qxh7+ Qxh7 24. Nxh7 Re6 25. Rf1 Ng7 26. Nf6+ Rxf6 27.
Rxf6 Rc6 28. Rxc6 bxc6 29. dxe4 dxe4 30. Rh6 Kf7 31. Rh7 Kf6 32. Rxg7 Kxg7 33.
h4 Kf6 34. Kg2 Ke5 35. Kg3 a5 36. a4 c4 37. bxc4 c5 38. c3 Kf6 39. Kf4 Kg7 40.
Kxe4 Kh6 41. Kd5 g5 42. h5 Kh7 43. e4 1-0

[Event "Youth Classic 2016 - Juniors Open U18"]
[Site "Hasselgrundhalle - Bad Soden a"]
[Date "2016.10.03"]
[Round "4.2"]
[White "Diener, Carolin Valeria"]
[Black "Everett, Elijah"]
[Result "0-1"]
[WhiteElo "1692"]
[BlackElo "2053"]
[PlyCount "60"]
[EventDate "2016.??.??"]
[WhiteTeam "SK Bad Homburg"]
[BlackTeam "SF Schöneck"]

1. e4 c5 2. Nf3 d6 3. Bb5+ Nd7 4. c3 Ngf6 5. d3 a6 6. Ba4 b5 7. Bc2 Bb7 8. O-O
e5 9. Re1 Be7 10. Nbd2 O-O 11. Nf1 Re8 12. Ng3 g6 13. h3 Qc7 14. d4 cxd4 15.
cxd4 Bf8 16. Bb3 Bg7 17. d5 Nc5 18. Bc2 b4 19. Be3 Rac8 20. Nd2 Nfd7 21. Nb3
Na4 22. Rc1 Nxb2 23. Qd2 Qc3 24. Na5 Ba8 25. Rb1 Qxd2 26. Bxd2 Rxc2 27. Bxb4
Nd3 28. Re3 Nxb4 29. Rxb4 Rxa2 30. Nc4 Bf8 0-1

[Event "Youth Classic 2016 - Juniors Open U18"]
[Site "Hasselgrundhalle - Bad Soden a"]
[Date "2016.10.03"]
[Round "4.3"]
[White "Lange, Lars"]
[Black "Rittberger, Ruben"]
[Result "1-0"]
[WhiteElo "1731"]
[BlackElo "1522"]
[PlyCount "119"]
[EventDate "2016.??.??"]
[WhiteTeam "Sfr. Kelkheim"]
[BlackTeam "SC Bad Soden"]

1. d4 Nf6 2. c4 e6 3. Nf3 Bb4+ 4. Nbd2 c6 5. e3 O-O 6. a3 Be7 7. Bd3 d5 8. Ne5
Nbd7 9. Ndf3 Nxe5 10. Nxe5 Nd7 11. Nxd7 Bxd7 12. Qc2 g6 13. Bd2 Rc8 14. c5 b6
15. b4 b5 16. a4 a6 17. O-O Bf6 18. Bc3 Re8 19. Qb2 Qc7 20. axb5 axb5 21. Ra5
Ra8 22. Rfa1 Qb7 23. Qa3 Rxa5 24. Qxa5 Bd8 25. Qa8 Qxa8 26. Rxa8 Bf6 27. Ra7
Re7 28. f3 Bc8 29. Ra8 Re8 30. Kf2 Kf8 31. Ke2 Bg7 32. Kd1 f5 33. Be1 Bh6 34.
Bf2 Bg5 35. Ke2 Bf6 36. Bg3 Kg8 37. Bd6 Kg7 38. Ra7+ Kg8 39. Rc7 Rd8 40. Rxc6
Bd7 41. Rc7 Kh8 42. c6 Be8 43. Be5 Bxe5 44. dxe5 Rb8 45. Rb7 Rc8 46. c7 Kg7 47.
Rb8 Bd7 48. Bxb5 Bxb5+ 49. Rxb5 Rxc7 50. Rc5 Rxc5 51. bxc5 Kf7 52. c6 Ke7 53.
Kd3 Kd8 54. Kd4 Kc7 55. Kc5 h6 56. f4 g5 57. g3 gxf4 58. gxf4 h5 59. h4 Kd8 60.
Kd6 1-0

[Event "Youth Classic 2016 - Juniors Open U18"]
[Site "Hasselgrundhalle - Bad Soden a"]
[Date "2016.10.03"]
[Round "4.4"]
[White "Dolaberidze, Nico"]
[Black "Schwarz, Matthias"]
[Result "0-1"]
[WhiteElo "1454"]
[BlackElo "1609"]
[PlyCount "92"]
[EventDate "2016.??.??"]
[WhiteTeam "SV Neu-Isenburg"]
[BlackTeam "SG Idstein"]

1. e4 e5 2. Nf3 Nc6 3. Bc4 Nf6 4. d3 Bc5 5. Bg5 d6 6. h3 h6 7. Bh4 g5 8. Bg3
Be6 9. Bxe6 fxe6 10. Nbd2 Qe7 11. Nc4 O-O-O 12. Qd2 Nh5 13. Bh2 Nf4 14. Rg1 Nd4
15. Nxd4 Bxd4 16. c3 d5 17. exd5 exd5 18. Ne3 Bxe3 19. fxe3 Ng6 20. O-O-O Rhf8
21. Kb1 Rf7 22. Qc2 Rdf8 23. Bg3 Qe6 24. Qe2 Ne7 25. Rgf1 Nc6 26. Rxf7 Qxf7 27.
e4 d4 28. c4 Kb8 29. a3 Qf6 30. Qc2 Ne7 31. b4 Ng6 32. b5 h5 33. c5 h4 34. Be1
Qe6 35. c6 b6 36. Qa4 Rf1 37. Ka1 Nf4 38. Qc2 Qe7 39. Qa2 Nxd3 40. Qb3 Nxe1 41.
Ka2 Rf2+ 42. Kb1 Qf7 43. Qxf7 Rxf7 44. Rxe1 Rf2 45. g3 hxg3 46. h4 g2 0-1

[Event "Youth Classic 2016 - Juniors Open U18"]
[Site "Hasselgrundhalle - Bad Soden a"]
[Date "2016.10.03"]
[Round "4.5"]
[White "Jakesevic, Ivan"]
[Black "Deppe, Leo Max"]
[Result "1/2-1/2"]
[WhiteElo "1633"]
[BlackElo "1762"]
[PlyCount "66"]
[EventDate "2016.??.??"]
[WhiteTeam "FC Bierstadt"]
[BlackTeam "SC Bad Soden"]

1. c4 Nf6 2. d4 e6 3. Nf3 Bb4+ 4. Nc3 O-O 5. e3 d6 6. Bd3 Nbd7 7. O-O Bxc3 8.
bxc3 c5 9. Ba3 b6 10. Nd2 e5 11. Ne4 Qe7 12. Qe2 h6 13. Rad1 Bb7 14. Rfe1 Rfe8
15. Kf1 exd4 16. Nxf6+ Qxf6 17. cxd4 Qg5 18. f4 Qh4 19. h3 Nf6 20. Qf2 Qxf2+
21. Kxf2 Ne4+ 22. Bxe4 Bxe4 23. dxc5 dxc5 24. Rd2 Rad8 25. Red1 Rxd2+ 26. Rxd2
Re7 27. Bb2 f6 28. g4 f5 29. Be5 a6 30. a3 Rb7 31. a4 fxg4 32. hxg4 Bc6 33. Ra2
Kf7 1/2-1/2

[Event "Youth Classic 2016 - Juniors Open U18"]
[Site "Hasselgrundhalle - Bad Soden a"]
[Date "2016.10.03"]
[Round "4.6"]
[White "Pyshny, Anton"]
[Black "Scheithauer, Dominik"]
[Result "1-0"]
[WhiteElo "1530"]
[BlackElo "1153"]
[PlyCount "151"]
[EventDate "2016.??.??"]
[WhiteTeam "SC Eschborn"]
[BlackTeam "Sfr. Kelkheim"]

1. e4 e6 2. d4 d5 3. exd5 exd5 4. Nf3 Bd6 5. Bd3 Ne7 6. O-O Bf5 7. Nc3 c6 8.
Bxf5 Nxf5 9. Ne2 O-O 10. Bf4 Re8 11. Bxd6 Qxd6 12. Re1 f6 13. Qd2 Nd7 14. Qf4
Re7 15. Qxf5 Rae8 16. Qd3 Nf8 17. Nc3 Ng6 18. Rxe7 Rxe7 19. Qd2 Qd7 20. Re1 Qg4
21. h3 Qf5 22. Rxe7 Nxe7 23. Ne2 Kf7 24. Ng3 Qd7 25. Qe3 Nf5 26. Nxf5 Qxf5 27.
Qd3 Qe6 28. Kf1 g6 29. Qe3 Qd6 30. c3 Qc7 31. Qh6 Kg8 32. Qd2 Qb6 33. Qe2 Kf7
34. b4 Qc7 35. g3 Qd7 36. Kg2 Qf5 37. a4 Qb1 38. a5 Qc1 39. Qe3 Qc2 40. Ne1 Qf5
41. Nd3 b6 42. axb6 axb6 43. Qf3 Qe6 44. Qe3 Qd7 45. Qf4 Qd8 46. Ne5+ Kg7 47.
Nxc6 Qc8 48. Qd6 Qf5 49. Qc7+ Kh6 50. Qf4+ Qxf4 51. gxf4 Kg7 52. Ne7 Kf7 53.
Nxd5 Ke6 54. c4 b5 55. Nc7+ Kd6 56. Nxb5+ Ke6 57. Kf3 h6 58. Ke4 h5 59. d5+ Kd7
60. Nd4 Kd6 61. c5+ Kd7 62. b5 g5 63. fxg5 fxg5 64. Kf5 g4 65. hxg4 hxg4 66.
Kxg4 Kc7 67. Kf5 Kd7 68. Kf6 Kd8 69. Ke6 Kc7 70. d6+ Kd8 71. f4 Kc8 72. c6 Kd8
73. f5 Kc8 74. f6 Kb8 75. b6 Kc8 76. f7 1-0